Guatemala: pronunciamientos
محفوظ في:
| التنسيق: | نص |
|---|---|
| الموضوعات: | |
| الوسوم: |
إضافة وسم
لا توجد وسوم, كن أول من يضع وسما على هذه التسجيلة!
|
MARC
| LEADER | 00000 a a2200000 04500 | ||
|---|---|---|---|
| 001 | 18098 | ||
| 003 | |||
| 040 | |||
| 245 | |a Guatemala: |b pronunciamientos | ||
| 650 | |a VIOLENCIA | ||
| 650 | |a FUERZAS ARMADAS | ||
| 650 | |a GUATEMALA | ||
| 773 | |g volumen 6, número 21; páginas 323-324 | ||
| 999 | |c 32358 |d 32358 | ||
| 773 | 0 | |0 42391 |9 4138 |a Agencia Latinoamericana de Información, ALAI |d Quito, Ecuador: ALAI |o 03935 |t ALAI: |x 08275564 (Servicio mensual de información y documentación) | |
